|
|
|
|
| LEADER |
00000nam0a2200000 4500 |
| 001 |
252059 |
| 005 |
20231101232720.0 |
| 010 |
|
|
|a 5737001962
|
| 035 |
|
|
|a (RuTPU)RU\TPU\book\274376
|
| 090 |
|
|
|a 252059
|
| 100 |
|
|
|a 20140226d1988 m y0rusy50 ca
|
| 101 |
0 |
|
|a rus
|
| 102 |
|
|
|a RU
|
| 105 |
|
|
|a ac z 001zb
|
| 200 |
1 |
|
|a Леонид Юльевич Эйдлин
|f И. Ю. Якоб
|
| 210 |
|
|
|a Ленинград
|c Художник РСФСР
|d 1988
|
| 215 |
|
|
|a 116 с.
|c ил.
|
| 320 |
|
|
|a Библиогр.: с. 115-116.
|
| 600 |
|
1 |
|a Эйдлин
|b Л. Ю.
|c скульптор
|f 1918-
|g Леонид Юльевич
|2 stltpush
|3 (RuTPU)RU\TPU\pers\31971
|
| 606 |
1 |
|
|a Скульпторы
|2 stltpush
|3 (RuTPU)RU\TPU\subj\55078
|9 73150
|
| 610 |
1 |
|
|a биографии
|
| 610 |
1 |
|
|a персоналии
|
| 610 |
1 |
|
|a жизнь
|
| 610 |
1 |
|
|a творчество
|
| 610 |
1 |
|
|a композиции
|
| 610 |
1 |
|
|a творческий путь
|
| 675 |
|
|
|a 73.071(092)Эйдлин(084)
|v 3
|
| 700 |
|
1 |
|a Якоб
|b И. Ю.
|g Ирина Юльевна
|
| 801 |
|
1 |
|a RU
|b 63413507
|c 20140226
|
| 801 |
|
2 |
|a RU
|b 63413507
|c 20140324
|g RCR
|
| 942 |
|
|
|c BK
|